000 00710nam a2200193Ii 4500
003 JO-AjNU
008 230605s9999||||xx |||||||||||||| ||und||
040 _aJO-AjNU
_bara
_erda
_cJO-AjNU
041 _aara
050 1 4 _aB52.S3
100 3 _aمحمد، سماح رافع,
_eauthor
_938793
245 0 0 _aتدريس المواد الفلسفية في التعليم الثانوي في مصر والدول العربية:طرقه ووسائله واعداد معلميه
264 3 1 _aالقاهرة:دار المعارف ،د.ت
300 _a349ص
336 _atext
_btxt
_2rdacontent
337 _aunmediated
_bn
_2rdamedia
338 _avolume
_bnc
_2rdacarrier
650 4 _aفلسفة-تدريس
_938794
999 _aA16328
_c19896
_d19896